Bishop Josiah Kibira of Bukoba in an international perspective. (Record no. 12429)

MARC details
000 -LEADER
fixed length control field 00611nam a22002052 4500
001 - CONTROL NUMBER
control field 0000000646
005 - DATE AND TIME OF LATEST TRANSACTION
control field 20151217155805.0
008 - FIXED-LENGTH DATA ELEMENTS--GENERAL INFORMATION
fixed length control field 070213s xx 000 0 eng d
020 ## - INTERNATIONAL STANDARD BOOK NUMBER
International Standard Book Number 9966855211 :
Terms of availability KES 100
040 ## - CATALOGING SOURCE
Original cataloging agency KABU
Transcribing agency KABU
050 #0 - LIBRARY OF CONGRESS CALL NUMBER
Classification number BR1725
Item number .K53L37
100 1# - MAIN ENTRY--PERSONAL NAME
Personal name Larsson, Per.
-- 0000148910
245 10 - TITLE STATEMENT
Title Bishop Josiah Kibira of Bukoba in an international perspective.
260 ## - PUBLICATION, DISTRIBUTION, ETC. (IMPRINT)
Place of publication, distribution, etc. Nairobi :
Name of publisher, distributor, etc. Uzima,
Date of publication, distribution, etc. [1991]
300 ## - PHYSICAL DESCRIPTION
Extent viii, 105 p.
600 10 - SUBJECT ADDED ENTRY--PERSONAL NAME
Personal name Kibira, Josiah
General subdivision Biography.
-- 0000148911
908 ## - PUT COMMAND PARAMETER (RLIN)
Put command parameter 070213
950 ## - LOCAL HOLDINGS (RLIN)
-- 1
Holdings
Withdrawn status Lost status Source of classification or shelving scheme Not for loan Home library Current library Date acquired Total Checkouts Full call number Barcode Date last seen Price effective from Koha item type
    Library of Congress Classification   Kabarak, Main Campus Kabarak, Main Campus 17/12/2015   BR1725 .K53L37 006387 17/12/2015 17/12/2015 Africana Collection
Designed with assistance from East African Informatics Ltd